000 00568nam a22001817a 4500
999 _c188620
_d188620
005 20220530112000.0
010 _aENG-132871
020 _a9788123780948
_c210.00
035 _aEN-116403
037 _bDBAD/PUB
082 _a616.994
100 _aBose, S M
245 _aCancer:
_bHealth Education Book/
_cS M Bose
260 _aNew Delhi
_bNational Book Trust India
_c2011
270 _aNehru Bhawan, 5 institutional Area, Phase-II, Vasant Kunja
_bNew Delhi
_e110070
300 _axi,121p.
_bGlossary
_c22cm(pbk)
942 _2ddc
_cEN
_h616.994
_mBOS